Los lagartijos pasan miedo / (Registro nro. 11824)

Detalles MARC
000 -LIDER
fixed length control field 01041nam a22003497b 4500
001 - NÚMERO DE CONTROL
Identificador de número de control 002098
003 - IDENTIFICACDOR DE NÚMERO DE CONTROL
control field DO-SdBNP
005 - DATE AND TIME OF LATEST TRANSACTION
control field 20180215103030.0
007 - CAMPOS FIJOS DE DESCRIPCIÓN FÍSICA
fixed length control field 002098
008 - ELEMENTOS DE LONGITUD FIJA
fixed length control field 060420s2005 sp | ||| ||spa
016 7# - NO. DE CONTROL DE LA AGENCIA BIB. NACIONAL
Record control number
Source BPMSU
017 ## - NÚMERO DE REGISTRO DE DERECHOS DE AUTOR
Copyright or legal deposit number
Assigning agency
020 ## - ISBN
International Standard Book Number 8420443603
035 ## - NÚMERO LOCAL
System control number
040 ## - FUENTE DE CATALOGACIÓN
Agencia que crea de manera original el registro BPMSU
Idioma de catalogación spa
Agencia que realiza la transcripción BPMSU
Convenciones de la despripción
080 ## - NÚMERO DE CLASIFICACIÓN DECIMAL UNIVERSAL
Universal Decimal Classification number
082 #4 - NÚMERO DE CLASIFICACIÓN DECIMAL DE DEWEY
Classification number 863.7
Item number V182L 2005
100 1# - ASIENTO PRINCIPAL -- NOMBRE PERSONAL
Nombre personal Vallejo-Nágera, Alejandra,
Fechas asociadas con el nombre 1964-
245 14 - MENCIÓN DE TITULO
Título Los lagartijos pasan miedo /
Medio (Designación general de material)
Mención de responsabilidad Alejandra Vallejo-Nágera ; ilustraciones Cristina Belmonte
250 ## - MENCIÓN DE EDICION
Mención de edición 7ª ed.
260 ## - PUBLICACIÓN, DISTRIBUCIÓN, ETC. (PIE DE IMPRENTA)
Lugar de publicación, distribución, etc Buens Aires, Argentina :
Nombre del editor, distribuidor, etc. Alfagura,
Fecha de publicación, distribución, etc 2005
300 ## - DESCRIPCIÓN FÍSICA
Extensión 144 p. :
Otros detalles físicos il. ;
Dimensiones 21 cm
490 ## - MENCIÓN DE SERIES
Mención de serie Literatura infantil
500 ## - NOTA GENERAL
Nota general Incluye datos biográficos del autor
650 #4 - ENCABEZAMIENTO DE MATERIA--TEMÁTICO
Término temático o nombre geográfico como elemento de entrada NOVELA INFANTIL ESPAÑOLA
650 #4 - ENCABEZAMIENTO DE MATERIA--TEMÁTICO
Término temático o nombre geográfico como elemento de entrada LITERATURA INFANTIL ESPAÑOLA
700 1# - ASIENTO SECUNDARIO -- NOMBRE PERSONAL
Nombre personal Belmonte, Cristina,
Fechas asociadas con el nombre 1956-
830 ## - ASIENTO SECUNDARIO DE SERIE--TÍTULO UNIFORME
Título uniforme Literatura infantil
942 ## - ADDED ENTRY ELEMENTS (KOHA)
Source of classification or shelving scheme Dewey Decimal Classification
Koha item type Libros
945 ## - INFORMACIÓN DE PROCESAMIENTO LOCAL
Información de procesamiento local Inventariado, 2018 / BT
956 ## - LOCAL ELECTRONIC LOCATION AND ACCESS (OCLC)
Nombre de host VMATEO
Información de compresión 10
Trayectoria 20161108
Nombre Electrónico BPMSU
Procesador de solicitud 0069
Existencias
Withdrawn status Lost status Source of classification or shelving scheme Damaged status Not for loan Collection code Home library Current library Date acquired Source of acquisition Total Checkouts Full call number Barcode Date last seen Price effective from Koha item type
    Dewey Decimal Classification     Colección Infantil General Biblioteca Pública Metropolitana Salomé Ureña Biblioteca Pública Metropolitana Salomé Ureña 11/08/2016 FUNDI   863.7 V182L BPMSU16110147 11/08/2016 11/08/2016 Libros